New England Patriots Head Coaches - Statistics

General Stats
  • This quiz has been taken 53 times
  • The average score is 5 of 14
Answer Stats
Era Hint Answer % Correct
New England Patriots 2000-present Bill Belichick
98%
New England Patriots 1997-1999 Pete Carroll
78%
New England Patriots 1993-1996 Bill Parcells
73%
New England Patriots 1984-1989 Raymond Berry
59%
New England Patriots 1991-1992 Dick MacPherson
43%
New England Patriots 1990 Rod Rust
43%
New England Patriots 1973-1978 Chuck Fairbanks
41%
New England Patriots 1982-1984 Ron Meyer
35%
New England Patriots 1979-1981 Ron Erhardt
24%
Boston Patriots 1960-1961 Lou Saban
18%
Boston Patriots 1969-1970 Clive Rush
12%
Boston Patriots 1961-1968 Mike Holovak
10%
Boston & N.E. Patriots 1970-1972 John Mazur
8%
New England Patriots 1972* Phil Bengston
6%
No matching quizzes found
Score Distribution
Percent of People with Each Score
Percentile by Number Answered
Your Score History
You have not taken this quiz